000
00330nam a2200133 a 4500
005
20140414093835.0
008
030610s19uu xx 00 eng d
050
_a
CDR 909
_b
COL 1996 R-1
245
_a
Columbus and the age discovery.
650
_a
Columbus.
650
_a
Interactive videos.
942
_c
AVM
999
_c
108963
_d
108963